00433nam a2200133 4500008004100000020001800041050002200059100001900081245009000100260004100190300002800231650002600259650001400285230531b |||||||| |||| 00| 0 eng d a9780415649506 aLB 1555 .H57 2014 aHirst, Paul H. aKnowledge and the curriculum :b a collection of philosophical papers/cPaul H. Hirst a London:bRoutledge, London, c2014. ax, 148 pages. :c25 cm. a Curriculum planning  aEducation